[Event "Maastricht Limburg op-B 8th"]
[Site "Maastricht"]
[Date "2014.06.08"]
[Round "5"]
[White "Van Ginneken, Jeroen"]
[Black "Bauchmueller, Franz Josef"]
[Result "1-0"]
[WhiteElo "1753"]
[BlackElo "1789"]
[PlyCount "85"]
[EventDate "2014.06.06"]
[EventType "swiss"]
[EventRounds "7"]
[EventCountry "NED"]
[SourceTitle "EXT 2015"]
[Source "ChessBase"]
[SourceDate "2014.11.20"]
[SourceVersion "1"]
[SourceVersionDate "2014.11.20"]
[SourceQuality "1"]

1. e4 e5 2. Nf3 Nc6 3. d4 exd4 4. Nxd4 Bc5 5. Be3 Qf6 6. c3 Nge7 7. Bc4 Ne5 8. Bb3 d6 9. 0-0 c6 10. Qh5 h6 11. h3 Qg6 12. Qxg6 N5xg6 13. f4 0-0 14. f5 Ne5 15. Nd2 Nd7 16. g4 Kh7 17. g5 Bxd4 18. cxd4 hxg5 19. Bxg5 f6 20. Bf4 d5 21. Bd6 Re8 22. Rae1 Ng8 23. exd5 Rxe1 24. Rxe1 cxd5 25. Bxd5 Nh6 26. Be6 Nb6 27. Rf1 Bd7 28. Bc5 Bxe6 29. fxe6 Nd5 30. Nc4 b6 31. Ba3 b5 32. b3 b4 33. Bc1 Ng8 34. Ne3 Rd8 35. Rf5 Nge7 36. Rxd5 Nxd5 37. Nxd5 Re8 38. Nc7 Re7 39. Bf4 g5 40. Bd6 Rxc7 41. Bxc7 Kg8 42. d5 Kf8 43. d6 1-0

[Event "Maastricht Limburg op-C 5th"]
[Site "Maastricht"]
[Date "2011.06.12"]
[Round "4"]
[White "Snoeks, Marnicq"]
[Black "Van Ginneken, Jeroen"]
[Result "1/2-1/2"]
[WhiteElo "1387"]
[BlackElo "1682"]
[PlyCount "41"]
[EventDate "2011.06.10"]
[EventType "swiss"]
[EventRounds "7"]
[EventCountry "NED"]
[SourceTitle "EXT 2012"]
[Source "ChessBase"]
[SourceDate "2011.11.24"]
[SourceVersion "1"]
[SourceVersionDate "2011.11.24"]
[SourceQuality "1"]

1. e4 e5 2. Nf3 f5 3. exf5 e4 4. Qe2 Qe7 5. Nd4 Nf6 6. Nc3 d5 7. d3 c5 8. Ne6 Bxe6 9. fxe6 exd3 10. cxd3 Nc6 11. Bg5 0-0-0 12. 0-0-0 Nd4 13. Qe5 Qxe6 14. Qxe6+ Nxe6 15. Bxf6 gxf6 16. g3 Kb8 17. Bg2 Nc7 18. Rde1 d4 19. Ne4 Nd5 20. a3 b6 21. Nd2 1/2-1/2

[Event "Maastricht Limburg op-C 5th"]
[Site "Maastricht"]
[Date "2011.06.11"]
[Round "3"]
[White "Van Ginneken, Jeroen"]
[Black "Bratuszewski, Jorden"]
[Result "0-1"]
[WhiteElo "1682"]
[BlackElo "1198"]
[PlyCount "142"]
[EventDate "2011.06.10"]
[EventType "swiss"]
[EventRounds "7"]
[EventCountry "NED"]
[SourceTitle "EXT 2012"]
[Source "ChessBase"]
[SourceDate "2011.11.24"]
[SourceVersion "1"]
[SourceVersionDate "2011.11.24"]
[SourceQuality "1"]

1. e4 e5 2. Nf3 Nf6 3. Nc3 Nc6 4. Bc4 h6 5. 0-0 Be7 6. d4 d6 7. Be3 0-0 8. h3 exd4 9. Nxd4 Bd7 10. Qe2 Nxd4 11. Bxd4 Bc6 12. Rfe1 Re8 13. Rad1 Bf8 14. Qf3 a6 15. Bxf6 Qxf6 16. Qxf6 gxf6 17. Bd5 Bg7 18. Bxc6 bxc6 19. f3 Rab8 20. Na4 Kh7 21. b3 Kg6 22. Kf2 Kg5 23. Kg3 Re7 24. Re3 Rbe8 25. h4+ Kg6 26. Rde1 h5 27. Kf2 Kh7 28. R3e2 Bh6 29. Nc3 Bf4 30. Nd1 d5 31. exd5 Bg3+ 32. Kxg3 Rxe2 33. Rxe2 Rxe2 34. dxc6 Rxc2 35. a4 Rxc6 36. Ne3 Kg6 37. Kf4 Rc3 38. Nd5 Rxb3 39. Nxc7 a5 40. Nd5 Ra3 41. Nb6 Ra2 42. g4 hxg4 43. Kxg4 Rb2 44. Nd5 Rd2 45. Nb6 f5+ 46. Kf4 Rd4+ 47. Kg3 Kh5 48. Kh3 Rxh4+ 49. Kg3 f4+ 50. Kg2 Kg5 51. Nc4 Rh8 52. Nxa5 Ra8 53. Nc4 Rxa4 54. Nd6 Ra2+ 55. Kh3 f5 56. Nf7+ Kf6 57. Nd6 Rf2 58. Nc4 Rxf3+ 59. Kg2 Rc3 60. Nb6 Kg5 61. Nd5 Rg3+ 62. Kf2 Kg4 63. Nf6+ Kh4 64. Nd5 f3 65. Ne7 f4 66. Nf5+ Kh3 67. Nd4 Kg4 68. Ne6 Rg2+ 69. Kf1 Kg3 70. Ng5 Re2 71. Nf7 Rb2 0-1